|
|
|
|
| LEADER |
00867nam a2200229 a 4500 |
| 008 |
830803s1982 ii fab b 001 0 eng |
| 010 |
|
|
|a 82900010
|
| 020 |
|
|
|c Rs300.00
|
| 043 |
|
|
|a a-ii---
|
| 082 |
0 |
0 |
|a 709.5483
|2 19
|
| 100 |
1 |
|
|a Bernier, Ronald M.
|
| 245 |
1 |
0 |
|a Temple arts of Kerala :
|b a South Indian tradition /
|c Ronald M. Bernier.
|
| 260 |
|
|
|a New Delhi :
|b S. Chand,
|c 1982.
|
| 300 |
|
|
|a xvi, 131 p., [127] p. of plates :
|b ill. (some col.), maps ;
|c 25 cm.
|
| 500 |
|
|
|a Includes index.
|
| 504 |
|
|
|a Bibliography: p. 125-127.
|
| 650 |
|
0 |
|a Art, Indic
|z India
|z Kerala.
|
| 650 |
|
0 |
|a Temples
|z India
|z Kerala.
|
| 942 |
|
|
|c REF
|
| 906 |
|
|
|a 7
|b cbc
|c orignew
|d 3
|e ncip
|f 19
|g y-gencatlg
|
| 999 |
|
|
|c 284706
|d 284706
|
| 952 |
|
|
|0 0
|1 0
|4 0
|6 709_548300000000000_BER_T
|7 0
|9 323020
|a FLK
|b FLK
|c REF
|d 2016-03-23
|e REF
|g 300.00
|i 287
|l 0
|o 709.5483 BER/T
|p FLK287
|r 2016-03-23
|w 2016-03-23
|y REF
|